|
|
|
|
| LEADER |
00702nam a2200193 a 4500 |
| 008 |
090826s2000 ii a 000 0 eng d |
| 020 |
|
|
|a 8175561637
|
| 082 |
0 |
4 |
|a 510
|2 21
|
| 100 |
1 |
|
|a Gupta, P. P.
|
| 245 |
1 |
0 |
|a Mathematical methods /
|c P. P. Gupta, G. S. Malik, & Sanjay Gupta.
|
| 260 |
|
|
|a Meerut, India:
|b Pragati prakashan,
|c 2000.
|
| 300 |
|
|
|a 348p. :
|b ill. ;
|c 22 cm.
|
| 541 |
1 |
|
|e 00012619
|
| 650 |
|
0 |
|a Mathematics.
|
| 700 |
1 |
|
|a Malik, G.S.
|
| 700 |
1 |
|
|a Gupta, Sanjay.
|
| 852 |
4 |
|
|a Ayesha Abed Library
|j General shelf
|
| 999 |
|
|
|c 3897
|d 3897
|
| 952 |
|
|
|0 0
|1 0
|2 ddc
|4 0
|6 510_000000000000000_GUP
|7 0
|9 3543
|a BRACUL
|b BRACUL
|c GEN
|d 2009-09-15
|g 100.00
|l 1
|o 510 GUP
|p 3010012619
|r 2017-05-22
|s 2017-05-22
|t 1
|w 2009-09-15
|y BK
|